000 00576nam a22001815a 4500
005 20260605112032.0
010 _aENG-148761
020 _a9789391659561
_c450.00
035 _aEN-132293
037 _bDBAD
082 _a327.54051
_21
100 _aRamachandran
_989319
245 _aBeyond Binaries:
_bThe World of India and China/
_cRamachandran
260 _aNew Delhi
_bInstitute of Objective Studies
_c2024
270 _a162, Jogabai Main Road, Jamia Nagar,
_bNew Delhi
_e110025
300 _a275p.
_c25cm(pb)
942 _2ddc
_cEN
_mRAM
_h327.54051
999 _c216521
_d216521